Études géobotaniques des pâturages du secteur ouest du département de Médéa de la République Algérienne Démocratique et Populaire (Запись № 9447063)

Подробности
000 -МАРКЕР
контрольное поле 01636nam1a22003131i 4500
001 - ИДЕНТИФИКАТОР ЗАПИСИ
контрольное поле RU\NLR\INFOCOMM_161\5000082703
005 - ИДЕНТИФИКАТОР ВЕРСИИ
контрольное поле 20240726051624.0
035 ## - ДРУГИЕ СИСТЕМНЫЕ НОМЕРА
Идентификатор записи (NLR Aleph) 009329879
100 ## - ДАННЫЕ ОБЩЕЙ ОБРАБОТКИ
Данные общей обработки 20101004d1970 |||y0rusy50 ba
101 0# - ЯЗЫК РЕСУРСА
Язык текста, звукозаписи и т.д. французский
102 ## - СТРАНА ПУБЛИКАЦИИ ИЛИ ПРОИЗВОДСТВА
Страна публикации российская федерация
105 ## - ПОЛЕ КОДИРОВАННЫХ ДАННЫХ: ТЕКСТОВЫЕ МАТЕРИАЛЫ, МОНОГРАФИЧЕСКИЕ
Кодированные данные о монографическом текстовом документе y ||||000|y
200 1# - ЗАГЛАВИЕ И СВЕДЕНИЯ ОБ ОТВЕТСТВЕННОСТИ
Основное заглавие Études géobotaniques des pâturages du secteur ouest du département de Médéa de la République Algérienne Démocratique et Populaire
Первые сведения об ответственности V. Botschantzev, H. Kolénov, Yu. Mirochnitchenko [и др.]
Последующие сведения об ответственности [Réd.: L. Rodin, B. Vinogradov
-- Trad. franç. rév. par O. Partchvsky]
-- URSS Min. de bonification et d'économie hydraulique. - Inst. botanique V. L. Komarov de l'Acad. des sciences de l'URSS. - Selkhozpromexport. Moscou
210 ## - ПУБЛИКАЦИЯ, РАСПРОСТРАНЕНИЕ И ДР.
Место издания, распространения и т.д. М.
Имя издателя, распространителя и т. д. Naouka
Дата издания, распространения и т.д. 1970
215 ## - ФИЗИЧЕСКАЯ ХАРАКТЕРИСТИКА
Специфическое обозначение материала и объем 2 т.
Размеры 30 см
300 ## - ОБЩИЕ ПРИМЕЧАНИЯ
Текст примечания Парал. тит. л. т. 1 на рус. яз.: Геоботанические исследования пастбищ в западной части департамента Медеа Алжирской Народной Демократической Республики
300 ## - ОБЩИЕ ПРИМЕЧАНИЯ
Текст примечания На шмуцтит. надзаголовок также на рус. яз.
320 ## - ПРИМЕЧАНИЯ О НАЛИЧИИ В ДОКУМЕНТЕ БИБЛИОГРАФИИ / УКАЗАТЕЛЯ
Текст примечания Библиогр.: Т. 1, с. 121-124
686 ## - ИНДЕКСЫ ДРУГИХ КЛАССИФИКАЦИЙ
Индекс Бт10-40
Код системы
701 #1 - ИМЯ ЛИЦА - АЛЬТЕРНАТИВНАЯ ОТВЕТСТВЕННОСТЬ
Системный номер авторитетной/нормативной записи z01790
Начальный элемент ввода Bočancev
Часть имени, кроме начального элемента ввода V. P.
Даты 1910-
Расширение инициалов личного имени Viktor Petrovič
Код отношения Автор
701 #1 - ИМЯ ЛИЦА - АЛЬТЕРНАТИВНАЯ ОТВЕТСТВЕННОСТЬ
Начальный элемент ввода Kolénov
Часть имени, кроме начального элемента ввода H.
Код отношения Автор
701 #1 - ИМЯ ЛИЦА - АЛЬТЕРНАТИВНАЯ ОТВЕТСТВЕННОСТЬ
Начальный элемент ввода Mirochnitchenko
Часть имени, кроме начального элемента ввода Yu.
Код отношения Автор
702 #1 - ИМЯ ЛИЦА - ВТОРИЧНАЯ ОТВЕТСТВЕННОСТЬ
Начальный элемент ввода Rodin
Часть имени, кроме начального элемента ввода L. E.
Расширение инициалов личного имени Leonid Efimovič
Код отношения Редактор
790 #1 - ИМЯ ЛИЦА - АЛЬТЕРНАТИВНАЯ ФОРМА
Системный номер авторитетной/нормативной записи z01701
Начальный элемент ввода Botschantzev
Часть имени, кроме начального элемента ввода V.
Код отношения Автор
801 #1 - ИСТОЧНИК ЗАПИСИ
Страна российская федерация
Организация NLR
Дата составления 20101004
801 #0 - ИСТОЧНИК ЗАПИСИ
Страна российская федерация
Организация NLR
Правила каталогизации PSBO
852 ## - МЕСТОНАХОЖДЕНИЕ И ШИФР ХРАНЕНИЯ
Идентификатор организации NLR
Шифр хранения (Call Number) Бт01 Д-7/18
942 ## - ДОПОЛНИТЕЛЬНЫЕ ЭЛЕМЕНТЫ ЗАПИСИ (АБИС)
Тип экземпляра АБИС Книга

Нет доступных экземпляров.